[Event "2nd Gideon Japhet Mem Op"]
[Site "Jerusalem ISR"]
[Date "2014.07.21"]
[Round "6.16"]
[White "Slonimskij, Arkadij"]
[Black "Parkhov, Yair"]
[Result "1-0"]
[WhiteElo "2207"]
[BlackElo "1935"]
[WhiteFideId "4113420"]
[BlackFideId "2813408"]
[EventDate "2014.07.16"]

1. d4 e6 2. c4 Nf6 3. Nc3 Bb4 4. Qc2 Nc6 5. Nf3 O-O 6. a3 Bxc3+ 7. Qxc3 a5 8.
Bg5 d5 9. e3 a4 10. Bd3 h6 11. Bh4 Na5 12. Nd2 Re8 13. O-O dxc4 14. Nxc4 Nxc4
15. Qxc4 Bd7 16. Bxf6 Qxf6 17. Qxc7 Bc6 18. f4 Rac8 19. Qe5 Qxe5 20. fxe5 Re7
21. Rac1 Rec7 22. Rc3 Bd7 23. Rfc1 Rc6 24. Be4 Rxc3 25. bxc3 b5 26. Kf2 Kf8 27.
Ke2 Ke7 28. Kd2 Kd8 29. Rf1 Be8 30. Bd3 Kc7 31. Rb1 Rb8 32. c4 Kb6 33. cxb5 Ka5
34. Rc1 Rb6 35. Rc8 Bxb5 36. Ra8+ Ra6 37. Rxa6+ Kxa6 38. Bxb5+ Kxb5 39. Kc3 f6
40. exf6 gxf6 41. e4 h5 42. h4 e5 43. dxe5 fxe5 44. Kd3 Kc5 45. g4 hxg4 46. h5
g3 47. Ke3 1-0

[Event "2nd Gideon Japhet Mem Op"]
[Site "Jerusalem ISR"]
[Date "2014.07.21"]
[Round "6.17"]
[White "Altshul, Limor"]
[Black "Vaisberg, Michael"]
[Result "1-0"]
[WhiteElo "1918"]
[BlackElo "2122"]
[WhiteFideId "2812550"]
[BlackFideId "2814315"]
[EventDate "2014.07.16"]

1. c4 c5 2. Nf3 Nf6 3. g3 b6 4. Bg2 Bb7 5. O-O g6 6. Nc3 Bg7 7. e3 O-O 8. d4 Ne4
9. Qd3 Nxc3 10. bxc3 Nc6 11. Rb1 d6 12. e4 Na5 13. Be3 Rc8 14. Nd2 Ba6 15. Bh3
Rc7 16. Rfc1 Qe8 17. Bf1 Qa4 18. Qc2 Qd7 19. Qd1 Rfc8 20. d5 e5 21. h4 Rf8 22.
Kh2 f5 23. Bh3 Qe7 24. Bg5 Qe8 25. h5 h6 26. hxg6 Qxg6 27. Bh4 fxe4 28. Be6+ Kh8
29. Qe2 Bc8 30. Bxc8 Rfxc8 31. g4 Bf6 32. Bxf6+ Qxf6 33. Nxe4 Qf4+ 34. Kh3 Rd8
35. Rg1 Rf7 36. Rg3 Rdd7 37. Rh1 Kg8 38. Kg2 Kf8 39. g5 hxg5 40. Nxg5 Qxc4 41.
Qd2 Rf6 42. Ne6+ Rxe6 43. Rh8+ Kf7 44. dxe6+ Kxe6 45. Rh6+ Kf7 46. Qg5 Qe4+ 47.
Kh2 1-0

[Event "2nd Gideon Japhet Mem Op"]
[Site "Jerusalem ISR"]
[Date "2014.07.21"]
[Round "6.18"]
[White "Shimonovich, Yoav"]
[Black "Ritvo, Dan"]
[Result "0-1"]
[WhiteElo "2102"]
[BlackElo "1877"]
[WhiteFideId "2809702"]
[BlackFideId "2815150"]
[EventDate "2014.07.16"]

1. d4 Nf6 2. Bf4 d5 3. Nd2 b6 4. e3 e6 5. Ngf3 Bb7 6. c3 Nbd7 7. Ne5 Nxe5 8.
dxe5 Nd7 9. h4 c5 10. Nf3 h6 11. c4 Qc7 12. cxd5 Bxd5 13. Qc2 Qb7 14. O-O-O
O-O-O 15. a4 Kb8 16. Kb1 Ka8 17. Bd3 Be7 18. e4 Bc6 19. Qc4 Nb8 20. Nd2 Rd4 21.
Qc2 Rhd8 22. Bb5 Rxd2 23. Rxd2 Bxe4 24. Bd3 Rxd3 25. Rxd3 Qa6 26. Rhd1 c4 0-1

[Event "2nd Gideon Japhet Mem Op"]
[Site "Jerusalem ISR"]
[Date "2014.07.21"]
[Round "6.19"]
[White "Gal, Moshe"]
[Black "Shohat, Yotam"]
[Result "1/2-1/2"]
[WhiteElo "2192"]
[BlackElo "1880"]
[WhiteFideId "2815630"]
[BlackFideId "2813955"]
[EventDate "2014.07.16"]

1. b3 Nf6 2. Bb2 g6 3. e3 Bg7 4. Nf3 O-O 5. c4 c5 6. Be2 Nc6 7. O-O d5 8. cxd5
Nxd5 9. Bxg7 Kxg7 10. d4 cxd4 11. Nxd4 Nxd4 12. Qxd4+ Nf6 13. Qb2 Be6 14. Bf3
Qb6 15. Nc3 Kg8 16. Na4 Qb5 17. Qa3 Rfe8 18. Rac1 Rac8 19. Nc5 Bd5 20. Bxd5 Nxd5
21. Qxa7 b6 22. a4 Qb4 23. Rc4 Qa3 24. e4 bxc5 25. exd5 Qxb3 26. Rfc1 Ra8 27.
Qxc5 Rxa4 28. Rxa4 Qxa4 29. g3 Qd7 30. Re1 Rc8 31. Rxe7 Qd8 32. Qe3 Qxd5 33.
Re8+ Rxe8 34. Qxe8+ Kg7 35. h4 Qd4 36. Kg2 Qd5+ 37. Kg1 Qd4 38. Kg2 1/2-1/2

[Event "2nd Gideon Japhet Mem Op"]
[Site "Jerusalem ISR"]
[Date "2014.07.21"]
[Round "6.20"]
[White "Klar, Nir"]
[Black "Bar, Aviv"]
[Result "1-0"]
[WhiteElo "2064"]
[BlackElo "2167"]
[WhiteFideId "2808471"]
[BlackFideId "2806339"]
[EventDate "2014.07.16"]

1. e4 c5 2. Nf3 d6 3. d4 cxd4 4. Nxd4 Nf6 5. Nc3 a6 6. Be2 e5 7. Nb3 Be7 8. O-O
O-O 9. Kh1 b5 10. a4 b4 11. Nd5 Nxd5 12. Qxd5 Ra7 13. Be3 Be6 14. Qd2 Rd7 15.
Qxb4 d5 16. Bc5 Nc6 17. Bxe7 Rxe7 18. Qd2 dxe4 19. Bxa6 Qb6 20. Bb5 Bxb3 21.
cxb3 Nd4 22. Bc4 Nxb3 23. Bxb3 Qxb3 24. Ra3 Qc4 25. Rc1 Rd7 26. Qe1 Qd4 27. b4
Qb2 28. Raa1 Rd4 29. Rcb1 Qc2 30. Kg1 Rfd8 31. h3 Rd2 32. Rc1 Qb2 33. Qxe4 Rxf2
34. Rcb1 Qe2 35. Qxe2 Rxe2 36. Rd1 Rxd1+ 37. Rxd1 Kf8 38. a5 Ra2 39. Rd6 Ke7 40.
Rb6 e4 41. a6 e3 42. Kf1 Kd7 43. b5 Kc8 44. Rb7 Rb2 45. b6 Ra2 46. Rc7+ 1-0

[Event "2nd Gideon Japhet Mem Op"]
[Site "Jerusalem ISR"]
[Date "2014.07.22"]
[Round "7.1"]
[White "Reshef, Omer"]
[Black "Gruenfeld, Yehuda"]
[Result "1/2-1/2"]
[BlackTitle "GM"]
[WhiteElo "2275"]
[BlackElo "2449"]
[WhiteFideId "2804336"]
[BlackFideId "2800020"]
[EventDate "2014.07.16"]

1. e4 c5 2. Nf3 d6 3. d4 cxd4 4. Nxd4 Nf6 5. Nc3 a6 6. Be3 e5 7. Nf3 Qc7 8. a4
Be7 9. a5 O-O 10. Be2 Be6 11. O-O Nbd7 12. Nd5 Nxd5 13. exd5 Bg4 14. Nd2 Bxe2
15. Qxe2 Rac8 16. c4 f5 17. f3 Bf6 18. Ra2 Qd8 19. b4 Bg5 20. Rc2 Bxe3+ 21. Qxe3
Nf6 22. Rfc1 Qd7 23. c5 dxc5 24. Rxc5 Rxc5 25. Rxc5 Re8 26. Nc4 e4 27. Qd4 exf3
28. gxf3 Qe7 29. Qd2 Qf7 30. d6 Qg6+ 31. Kf1 Qh5 32. Kg2 Qg6+ 33. Kf1 Qh5 34.
Kg2 1/2-1/2

[Event "2nd Gideon Japhet Mem Op"]
[Site "Jerusalem ISR"]
[Date "2014.07.22"]
[Round "7.2"]
[White "Alexikov, Alexander"]
[Black "Kaspi, Alexander"]
[Result "0-1"]
[WhiteTitle "IM"]
[BlackTitle "IM"]
[WhiteElo "2380"]
[BlackElo "2438"]
[WhiteFideId "14103958"]
[BlackFideId "2802910"]
[EventDate "2014.07.16"]

1. e4 c5 2. Nf3 d6 3. d4 cxd4 4. Nxd4 Nf6 5. Nc3 a6 6. f3 e5 7. Nb3 Be6 8. Be3
Be7 9. Qd2 Nbd7 10. O-O-O b5 11. g4 b4 12. Ne2 a5 13. g5 Nh5 14. Kb1 O-O 15. Ng3
Nf4 16. Nd4 exd4 17. Bxf4 Ne5 18. Nf5 Nxf3 19. Qg2 Ne5 20. Rxd4 Qc7 21. h4 a4
22. Rxb4 Nc6 23. Rb5 Rfb8 24. Qd2 Ne5 25. Rh3 Bxf5 26. exf5 Nc4 27. Rxb8+ Rxb8
28. Qc3 Rxb2+ 29. Kc1 Qb7 30. Bxc4 Rb1+ 31. Kd2 d5 32. Bxd5 Qxd5+ 33. Qd3 Qg2+
34. Kc3 Bb4+ 35. Kd4 Qg4 36. Rf3 Bd6 37. Qe4 Rd1+ 38. Kc3 Qxh4 39. g6 hxg6 0-1

[Event "2nd Gideon Japhet Mem Op"]
[Site "Jerusalem ISR"]
[Date "2014.07.22"]
[Round "7.3"]
[White "Huzman, Alexander"]
[Black "Malisov, Boris"]
[Result "1-0"]
[WhiteTitle "GM"]
[WhiteElo "2589"]
[BlackElo "2264"]
[WhiteFideId "2803828"]
[BlackFideId "2802503"]
[EventDate "2014.07.16"]

1. Nf3 g6 2. d4 Bg7 3. c4 c5 4. d5 Nf6 5. Nc3 O-O 6. e4 e6 7. Bd3 exd5 8. cxd5
d6 9. h3 a6 10. a4 Nh5 11. O-O Nd7 12. Bg5 Bf6 13. Be3 Re8 14. Nd2 Bd4 15. Bxd4
cxd4 16. Ne2 Ne5 17. Ra3 Bd7 18. f4 Nxd3 19. Rxd3 b5 20. Nxd4 bxa4 21. g4 Nf6
22. Qf3 Bb5 23. Nxb5 axb5 24. e5 Nd7 25. Ne4 dxe5 26. f5 f6 27. g5 Rf8 28. d6
fxg5 29. f6 h6 30. h4 Nxf6 31. Nxf6+ Kg7 32. Qb7+ Rf7 33. Nh5+ 1-0

[Event "2nd Gideon Japhet Mem Op"]
[Site "Jerusalem ISR"]
[Date "2014.07.22"]
[Round "7.4"]
[White "Battaglini, Gabriel"]
[Black "Zanan, Evgeny"]
[Result "1-0"]
[WhiteTitle "IM"]
[BlackTitle "FM"]
[WhiteElo "2430"]
[BlackElo "2283"]
[WhiteFideId "621650"]
[BlackFideId "24101940"]
[EventDate "2014.07.16"]

1. d4 Nf6 2. c4 c5 3. d5 b5 4. cxb5 a6 5. bxa6 g6 6. Nc3 Bg7 7. Nf3 O-O 8. g3 d6
9. Bg2 Nbd7 10. Rb1 Nb6 11. Nd2 Bxa6 12. O-O Nfd7 13. Re1 Nc4 14. Qc2 Qa5 15.
Nxc4 Bxc4 16. Bd2 Bxa2 17. Ra1 Bxc3 18. Bxc3 Qb5 19. Qd2 Nb6 20. Qh6 f6 21. e4
Bc4 22. Bh3 Na4 23. Be6+ Kh8 24. Ra3 Rab8 25. g4 Nxb2 26. Bxb2 Qb4 27. Rb1 Bb3
28. Rxb3 Qxb3 29. Qxf8+ Rxf8 30. Bxf6+ Rxf6 31. Rxb3 Rf4 32. g5 h6 33. Rb8+ Kg7
34. Rg8+ Kh7 35. Re8 1-0

[Event "2nd Gideon Japhet Mem Op"]
[Site "Jerusalem ISR"]
[Date "2014.07.22"]
[Round "7.5"]
[White "Kobo, Ori"]
[Black "Soffer, Ram"]
[Result "1/2-1/2"]
[WhiteTitle "FM"]
[BlackTitle "GM"]
[WhiteElo "2308"]
[BlackElo "2447"]
[WhiteFideId "2812320"]
[BlackFideId "2800101"]
[EventDate "2014.07.16"]

1. g3 e5 2. c4 h5 3. h4 Nc6 4. Nc3 d6 5. Bg2 g6 6. d3 Bh6 7. Bxh6 Nxh6 8. Qd2
Kf8 9. e4 Nd4 10. Nge2 Nxe2 11. Nxe2 c5 12. b4 b6 13. Rb1 Kg7 14. Nc3 Ng8 15.
Nd5 Ne7 16. Nxe7 Qxe7 17. a4 a5 18. bxc5 bxc5 19. O-O Qc7 20. f4 Bd7 21. Qf2
Bxa4 22. fxe5 dxe5 23. Qf6+ Kg8 24. Rb6 Re8 25. Ra6 Rh7 26. Ra1 Bc2 27. R1xa5
Qd8 28. Rxc5 Bxd3 29. Qxd8 Rxd8 30. Rd5 Rxd5 31. exd5 Bxc4 32. d6 Be6 33. Bd5
Bf5 34. Ra7 Kf8 35. Re7 g5 36. hxg5 Rg7 37. Rxe5 Bd7 38. Be4 Be6 39. Rb5 f5 40.
gxf6 Rxg3+ 41. Kh2 Rh3+ 42. Kg2 Kf7 43. d7 Bxd7 44. Rb7 Kxf6 45. Rxd7 Ra3 46.
Rh7 Ra5 47. Kf3 Rg5 48. Kf4 Rg4+ 49. Ke3 Rg5 50. Bf3 Re5+ 51. Kf4 Rf5+ 52. Kg3
Kg6 53. Rh8 Kg7 54. Rb8 Kf6 55. Rb6+ Kg5 56. Be4 h4+ 57. Kh3 Re5 58. Rg6+ Kf4
59. Rg4+ Ke3 60. Bg6 Rd5 61. Re4+ Kd2 62. Kxh4 Kc3 63. Re3+ Kd4 64. Ra3 Ke5 65.
Kg5 Rd1 66. Bh5 Rg1+ 67. Bg4 Ke4 68. Ra7 Ke5 69. Re7+ Kd5 70. Kf4 Rf1+ 71. Bf3+
Kd6 72. Re3 Rc1 73. Be2 Rc7 74. Rd3+ Kc5 75. Ke3 Re7+ 76. Kd2 Re6 77. Rc3+ Kd4
78. Rc7 Rd6 79. Bd3 Rh6 80. Rd7+ Ke5 81. Kc3 Rd6 82. Rh7 Rc6+ 83. Kd2 Kd4 84.
Rh4+ Kc5 85. Kc3 Kd5+ 86. Bc4+ Ke5 87. Rh5+ Ke4 88. Rh4+ Ke5 89. Kd3 Rg6 90.
Re4+ Kf6 91. Kd4 Rg5 92. Re6+ Kf5 93. Re8 Rg4+ 94. Kd5 Kf4 95. Bd3 Kg3 96. Be4
Rg5+ 97. Kd4 Kf4 98. Rf8+ Kg3 99. Ke3 Kg4 100. Rf1 Kg3 101. Bf5 Kg2 102. Rf2+
Kg3 103. Rf3+ Kh2 104. Kf4 Rg8 105. Rf2+ Rg2 106. Rf3 Rg8 107. Rh3+ Kg2 108. Rc3
Rf8 109. Rc2+ Kf1 110. Rc5 Kf2 111. Rc8 1/2-1/2

[Event "2nd Gideon Japhet Mem Op"]
[Site "Jerusalem ISR"]
[Date "2014.07.22"]
[Round "7.6"]
[White "Aharon, Ofir"]
[Black "Haimovich, Tal"]
[Result "1-0"]
[WhiteTitle "FM"]
[BlackTitle "IM"]
[WhiteElo "2367"]
[BlackElo "2369"]
[WhiteFideId "2800683"]
[BlackFideId "2801698"]
[EventDate "2014.07.16"]

1. e4 e5 2. Nf3 Nc6 3. Bc4 Nf6 4. d4 exd4 5. e5 Ng4 6. Qe2 Qe7 7. Bf4 d6 8. exd6
cxd6 9. Na3 Nge5 10. O-O-O Bg4 11. Nb5 Bxf3 12. gxf3 g5 13. Bg3 Bg7 14. Bb3 O-O
15. h4 d3 16. cxd3 a6 17. Nc3 Nd4 18. Qe4 Nxb3+ 19. axb3 f5 20. Qd5+ Kh8 21.
hxg5 Rac8 22. d4 Ng6 23. Bxd6 Qxg5+ 24. Kb1 Rcd8 25. Ne4 Qg2 26. Rdg1 Qxg1+ 27.
Rxg1 fxe4 28. fxe4 Rxf2 29. e5 b5 30. Qb7 Rd2 31. Qxa6 Nf4 32. Qa5 Rxd6 33. Qa8+ 1-0

[Event "2nd Gideon Japhet Mem Op"]
[Site "Jerusalem ISR"]
[Date "2014.07.22"]
[Round "7.7"]
[White "Zaltz, Dov"]
[Black "Zisman, Philip"]
[Result "1/2-1/2"]
[WhiteElo "2254"]
[BlackElo "2232"]
[WhiteFideId "2800578"]
[BlackFideId "2805197"]
[EventDate "2014.07.16"]

1. e4 c5 2. Nf3 Nc6 3. d4 cxd4 4. Nxd4 e5 5. Nb5 a6 6. Nd6+ Bxd6 7. Qxd6 Qf6 8.
Qc7 Nge7 9. Nc3 Nb4 10. Bd3 d5 11. O-O d4 12. Na4 Nxd3 13. cxd3 Qc6 14. Qxc6+
Nxc6 15. Nb6 Rb8 16. Bd2 Be6 17. f4 f6 18. f5 Bf7 19. b4 Kd8 20. a4 Kc7 21. a5
Rbd8 22. Rfc1 Kb8 23. Rc5 Na7 24. Rac1 Be8 25. Kf2 Bc6 26. g4 h6 27. Ke2 Nc8 28.
Nc4 Nd6 29. Nxd6 Rxd6 30. h4 Bb5 31. Rc7 Rd7 32. R7c5 Rd6 33. Rg1 Rdd8 34. Rg3
Rc8 35. Rxc8+ Kxc8 36. g5 hxg5 37. hxg5 Rh2+ 38. Ke1 Rh1+ 39. Kf2 Rh2+ 40. Ke1
Rh1+ 41. Ke2 Rh2+ 42. Kd1 fxg5 43. Bxg5 Rh1+ 44. Kd2 Rh2+ 45. Kc1 Rh1+ 46. Kc2
Rh2+ 47. Kb3 Be8 48. Kc4 Bf7+ 49. Kc5 Kc7 50. Bd8+ Kxd8 51. Kd6 Ke8 52. Kxe5 Kf8
53. Kxd4 Be8 54. Kc5 Bc6 55. Kb6 Rb2 56. Kc5 Rd2 57. Kd4 Kf7 58. e5 Rf2 59. e6+
Kf8 60. Ke5 Rf3 61. Rxf3 Bxf3 62. d4 Ke7 63. d5 Bg2 64. d6+ Kd8 65. Kf4 Ke8 66.
Kg5 Bc6 67. Kg6 Be4 68. Kxg7 Bxf5 69. Kf6 Bg4 70. Ke5 Bf3 71. Kd4 Bg4 72. Kd5
Bf5 73. Ke5 Bh3 74. Kf6 Bg4 75. d7+ Kd8 76. Kf7 Bh5+ 77. Kf8 Bg6 1/2-1/2

[Event "2nd Gideon Japhet Mem Op"]
[Site "Jerusalem ISR"]
[Date "2014.07.22"]
[Round "7.8"]
[White "Gershkowich, David"]
[Black "Gindi, Shachar"]
[Result "1/2-1/2"]
[WhiteTitle "FM"]
[WhiteElo "2146"]
[BlackElo "2319"]
[WhiteFideId "2803356"]
[BlackFideId "2804182"]
[EventDate "2014.07.16"]

1. e4 e5 2. Nf3 Nc6 3. Bc4 Nf6 4. d3 Bc5 5. c3 a6 6. Nbd2 Ba7 7. h3 d6 8. Bb3
O-O 9. O-O Nh5 10. Nxe5 Nxe5 11. Qxh5 Nxd3 12. Nf3 Qf6 13. Bg5 Qg6 14. Qxg6 hxg6
15. Rad1 Nc5 16. Bc2 Be6 17. Nd4 Bc4 18. Rfe1 f6 19. Be3 Rfe8 20. f3 Bf7 21. h4
Nd7 22. Bb3 Ne5 23. Nc2 Nc4 24. Bxa7 Rxa7 25. Ne3 Nxe3 26. Bxf7+ Kxf7 27. Rxe3
Raa8 28. g3 Re5 29. Rd5 Rae8 30. Kf2 R5e6 31. Rd2 Re5 32. Rd5 R5e6 1/2-1/2

[Event "2nd Gideon Japhet Mem Op"]
[Site "Jerusalem ISR"]
[Date "2014.07.22"]
[Round "7.9"]
[White "Grinberg, Eyal"]
[Black "Kali, Omer"]
[Result "1/2-1/2"]
[WhiteElo "2201"]
[BlackElo "2025"]
[WhiteFideId "2806070"]
[BlackFideId "2812436"]
[EventDate "2014.07.16"]

1. e4 e5 2. Nf3 Nc6 3. Bb5 a6 4. Ba4 Nf6 5. O-O b5 6. Bb3 Bb7 7. d3 Be7 8. a4
O-O 9. Nc3 b4 10. Nd5 Nxd5 11. Bxd5 d6 12. a5 Nxa5 13. Rxa5 c6 14. Bxf7+ Rxf7
15. Ra4 c5 16. Nd2 Qd7 17. Ra1 Qe6 18. Nc4 Bxe4 19. Nb6 Rb8 20. dxe4 Rxb6 21.
Qe2 c4 22. Be3 Rc6 23. Qd2 c3 24. Qd5 Qxd5 25. exd5 cxb2 26. dxc6 bxa1=Q 27.
Rxa1 Rf8 28. Rxa6 Rc8 29. f4 Kf7 30. Bd2 exf4 31. Bxb4 Ke6 32. c4 Bf6 33. Kf2
Be5 34. Kf3 Kf5 35. h4 g6 36. Ba5 h6 37. c7 g5 38. Ra7 g4+ 39. Ke2 Ke4 40. Rb7
d5 41. cxd5 f3+ 42. Kf1 Kxd5 43. Rb5+ Ke4 44. h5 Bd6 45. Rb3 Be5 46. Rb6 Kd5 47.
Rb5+ Ke6 48. gxf3 gxf3 49. Rb6+ Kd5 50. Rb5+ Ke6 51. Rc5 Bd6 52. Rc3 Kd7 53. Rd3
Ke6 54. Re3+ Kd7 55. Rxf3 Bxc7 56. Rf7+ Ke6 1/2-1/2

[Event "2nd Gideon Japhet Mem Op"]
[Site "Jerusalem ISR"]
[Date "2014.07.22"]
[Round "7.10"]
[White "Gamayev, Oleg"]
[Black "Axelrod, Arie"]
[Result "0-1"]
[BlackTitle "FM"]
[WhiteElo "2181"]
[BlackElo "2285"]
[WhiteFideId "2802813"]
[BlackFideId "2804867"]
[EventDate "2014.07.16"]

1. d4 Nf6 2. g3 d5 3. Bg2 Bf5 4. c4 e6 5. Nc3 c6 6. Nf3 h6 7. O-O Nbd7 8. cxd5
exd5 9. Bf4 Be7 10. a3 a5 11. Qd2 O-O 12. Rfc1 Nb6 13. Ne5 Nfd7 14. b3 Nxe5 15.
Bxe5 a4 16. Nxa4 Nxa4 17. bxa4 Rxa4 18. Qb2 Qd7 19. Rc3 g5 20. e4 Bxe4 21. Bxe4
dxe4 22. Qc2 Rfa8 23. Qxe4 Rxa3 24. Rcxa3 Rxa3 25. Rb1 b5 26. Rc1 Ra6 27. Rd1
Qd5 28. Qe2 Ra2 29. Qh5 Qe6 30. Qf3 b4 31. Qd3 b3 32. Rb1 b2 33. Kg2 Ba3 34. Qa6
f6 35. Bc7 Qe4+ 36. f3 Qxb1 37. Qc8+ Bf8 38. Qe6+ Kg7 39. Qd7+ Kh8 40. Kh3 h5
41. g4 Qf1+ 0-1

[Event "2nd Gideon Japhet Mem Op"]
[Site "Jerusalem ISR"]
[Date "2014.07.22"]
[Round "7.11"]
[White "Birnboim, Nathan"]
[Black "Zlatin, Alexander"]
[Result "1-0"]
[WhiteTitle "IM"]
[WhiteElo "2335"]
[BlackElo "1933"]
[WhiteFideId "2800209"]
[BlackFideId "2810549"]
[EventDate "2014.07.16"]

1. d4 Nf6 2. c4 e6 3. g3 d5 4. Bg2 Be7 5. Nf3 O-O 6. O-O b6 7. Nc3 Bb7 8. cxd5
exd5 9. Ne5 c5 10. dxc5 Bxc5 11. Nd3 Na6 12. Bg5 Be7 13. Nf4 Nc7 14. Qb3 Ne4 15.
Bxe7 Qxe7 16. Nfxd5 Nxd5 17. Nxd5 Qe5 18. Rfd1 Rad8 19. Nf4 g6 20. Rac1 Rfe8 21.
Qb4 g5 22. Rxd8 Rxd8 23. Nd3 Rd4 24. Nxe5 Rxb4 25. b3 Bd5 26. Rc7 Rd4 27. Nd3
Kf8 28. Rxa7 Nc3 29. Bxd5 Rxd5 30. Kf1 h5 31. a4 Ne4 32. b4 Nd2+ 33. Kg2 h4 34.
a5 bxa5 35. Rxa5 Rxa5 36. bxa5 hxg3 37. hxg3 Nc4 38. a6 f6 39. a7 Nb6 40. Kf3
Kf7 41. Ke4 Na8 1-0

[Event "2nd Gideon Japhet Mem Op"]
[Site "Jerusalem ISR"]
[Date "2014.07.22"]
[Round "7.12"]
[White "Mindlin, Alon"]
[Black "Gukhvat, Peter"]
[Result "1-0"]
[WhiteElo "2280"]
[BlackElo "2255"]
[WhiteFideId "2800071"]
[BlackFideId "2805090"]
[EventDate "2014.07.16"]

1. d4 Nf6 2. c4 c5 3. d5 e5 4. Nc3 d6 5. e4 Be7 6. g3 Nbd7 7. Bg2 Nf8 8. Nge2
Ng6 9. f3 Nh5 10. Be3 Bg5 11. Bf2 O-O 12. h4 Bh6 13. Rh2 Nf6 14. a3 b6 15. Kf1
Ne7 16. Bh3 Ne8 17. Bxc8 Qxc8 18. g4 g6 19. h5 Bg5 20. Qe1 Ng7 21. Ng3 f5 22. h6
fxg4 23. hxg7 Rxf3 24. Kg2 Kxg7 25. Nge2 Qd7 26. Bh4 Be3 27. Nd1 Raf8 28. Nxe3
Rxe3 29. Bg5 Rh3 30. Ng3 h6 31. Be3 h5 32. Qd2 Ng8 33. Bg5 Qf7 34. Rxh3 gxh3+
35. Kxh3 Qd7+ 36. Kh2 Qg4 37. Rg1 Kh7 38. Rf1 Rxf1 39. Nxf1 Qxe4 40. Ne3 Kg7 41.
b4 Qd4 42. Qf2 Qc3 43. bxc5 bxc5 44. Qg2 a5 45. Nf5+ Kh7 46. Nxd6 Qxa3 47. Nb5
Qd3 48. d6 Nh6 49. Qb7+ 1-0

[Event "2nd Gideon Japhet Mem Op"]
[Site "Jerusalem ISR"]
[Date "2014.07.22"]
[Round "7.13"]
[White "Kerner, Michael"]
[Black "Bakalchuk, Johnatan"]
[Result "0-1"]
[WhiteElo "2034"]
[BlackElo "2273"]
[WhiteFideId "2814064"]
[BlackFideId "2810301"]
[EventDate "2014.07.16"]

1. e4 c5 2. Nf3 g6 3. c3 Nf6 4. e5 Nd5 5. d4 cxd4 6. cxd4 Bg7 7. Nc3 Nxc3 8.
bxc3 O-O 9. Bd3 Nc6 10. Ba3 Qa5 11. Qb3 d6 12. exd6 Be6 13. Bb4 Nxb4 14. cxb4
Qb6 15. Qb1 Bd5 16. dxe7 Rfe8 17. a3 Rxe7+ 18. Kf1 Bxd4 19. Nxd4 Qxd4 20. h4
Rae8 21. Rh3 Qg4 22. Rg3 Qxh4 23. Kg1 Qd4 24. Bb5 Rd8 25. Qd1 Qb6 26. Qf1 a6 27.
Bc4 Bc6 28. Rd1 Rde8 29. Rc1 Qd4 30. Rd1 Qh4 31. Rh3 Qf4 32. Rc1 Re5 33. a4 Rg5
34. Rg3 Bxa4 35. Rxg5 Qxg5 36. Re1 Rd8 37. f4 Qf6 38. f5 Qd4+ 39. Kh1 Qh4+ 40.
Kg1 Qxe1 41. Qxe1 Rd1 42. Qxd1 Bxd1 43. f6 Bg4 44. Kf2 Be6 45. Bd3 h5 46. Ke3
Bc8 47. Kd4 b6 48. Ke5 a5 49. b5 a4 50. Kd6 Be6 51. Bxg6 fxg6 52. Kxe6 Kf8 0-1

[Event "2nd Gideon Japhet Mem Op"]
[Site "Jerusalem ISR"]
[Date "2014.07.22"]
[Round "7.14"]
[White "Ritvo, Dan"]
[Black "Slonimskij, Arkadij"]
[Result "1-0"]
[WhiteElo "1877"]
[BlackElo "2207"]
[WhiteFideId "2815150"]
[BlackFideId "4113420"]
[EventDate "2014.07.16"]

1. e4 Nf6 2. e5 Nd5 3. d4 d6 4. Nf3 Bg4 5. Be2 c6 6. O-O Bxf3 7. Bxf3 dxe5 8.
dxe5 e6 9. Re1 Nd7 10. Nd2 Qc7 11. Nc4 b5 12. Bxd5 cxd5 13. Nd6+ Bxd6 14. Qxd5
O-O-O 15. exd6 Qb7 16. Qd4 e5 17. Qb4 Kb8 18. a4 bxa4 19. Rxa4 Nb6 20. Ra5 f6
21. c4 Rd7 22. Rb5 Rc8 23. c5 Qc6 24. cxb6 a5 25. Qxa5 Qxc1 26. b7 Rxb7 27.
Rxb7+ Kxb7 28. d7 1-0

[Event "2nd Gideon Japhet Mem Op"]
[Site "Jerusalem ISR"]
[Date "2014.07.22"]
[Round "7.16"]
[White "Shohat, Yotam"]
[Black "Kraus, Yair"]
[Result "1-0"]
[WhiteElo "1880"]
[BlackElo "2102"]
[WhiteFideId "2813955"]
[BlackFideId "2804786"]
[EventDate "2014.07.16"]

1. e4 c5 2. Nf3 e6 3. d4 cxd4 4. Nxd4 Nf6 5. Nc3 d6 6. g3 e5 7. Nb3 Be7 8. Bg2
Be6 9. O-O Qd7 10. Bg5 Nc6 11. Qd2 Bh3 12. Rad1 O-O-O 13. Bxf6 gxf6 14. Bxh3
Qxh3 15. Nd5 Qd7 16. Qh6 Kb8 17. Qh5 Qe8 18. Rd3 Rg8 19. Rfd1 Rg6 20. Qxh7 Qf8
21. Qh5 Rh6 22. Qe2 Qh8 23. f3 Rg8 24. Ne3 Bd8 25. Nf5 Bb6+ 26. Kh1 Rh5 27. Qg2
Nd8 28. Rxd6 Ne6 29. Qe2 Ng5 30. Nd2 Nh3 31. Rxb6 axb6 32. Nf1 Rd8 33. Rxd8+
Qxd8 34. Qd2 Rh8 35. Kg2 Ng5 36. h4 Ne6 37. Qd6+ Kc8 38. Ne7+ 1-0

[Event "2nd Gideon Japhet Mem Op"]
[Site "Jerusalem ISR"]
[Date "2014.07.22"]
[Round "7.17"]
[White "Vaisberg, Michael"]
[Black "Klar, Nir"]
[Result "1-0"]
[WhiteElo "2122"]
[BlackElo "2064"]
[WhiteFideId "2814315"]
[BlackFideId "2808471"]
[EventDate "2014.07.16"]

1. d4 d5 2. Nf3 Nf6 3. c4 e6 4. g3 Be7 5. Bg2 O-O 6. O-O Nc6 7. b3 a5 8. Nc3 Ne4
9. Bb2 f5 10. e3 Bd7 11. cxd5 Nxc3 12. Bxc3 exd5 13. Ne5 Nxe5 14. dxe5 Be6 15.
Qd2 c6 16. Rfd1 Rf7 17. Rac1 g5 18. Bd4 Qf8 19. Qc2 f4 20. e4 f3 21. Bf1 Qh6 22.
exd5 cxd5 23. Qd2 Raf8 24. Bc5 Bxc5 25. Rxc5 Rg7 26. Rxa5 Rg6 27. Rxd5 Bxd5 28.
Qxd5+ Kh8 29. Qxb7 Re6 30. Qc7 Rfe8 31. Rd6 Qg6 32. h3 Qf5 33. Rd7 Rh6 34. Rf7
Rc8 35. Qe7 Qxh3 36. Rf8+ 1-0

[Event "2nd Gideon Japhet Mem Op"]
[Site "Jerusalem ISR"]
[Date "2014.07.22"]
[Round "7.18"]
[White "Calabrese, Gabriel"]
[Black "Gal, Moshe"]
[Result "1-0"]
[WhiteElo "2049"]
[BlackElo "2192"]
[WhiteFideId "2802350"]
[BlackFideId "2815630"]
[EventDate "2014.07.16"]

1. e4 b6 2. Nf3 Bb7 3. Qe2 e6 4. g3 d5 5. e5 c5 6. Bg2 Nd7 7. O-O Ne7 8. d3 Nc6
9. c4 d4 10. h4 Be7 11. Re1 O-O 12. Bf4 h6 13. h5 a6 14. Nbd2 Re8 15. Ne4 Ra7
16. Qd2 Bf8 17. g4 Ba8 18. g5 hxg5 19. Nexg5 Ne7 20. Bh3 Nf5 21. Qe2 Nh6 22. Kh2
Kh8 23. Rg1 b5 24. Rae1 bxc4 25. dxc4 Nb6 26. Qd3 f5 27. exf6 gxf6 28. Nxe6 Rxe6
29. Rxe6 Rg7 30. Rxg7 Bxg7 31. Qg6 Ng8 32. Bf5 1-0